000 00996cam8a220030100 4500
001 lce00190036
008 770105s1976 enk b 001 0 eng
010 _a 76383450
015 _aGB76-20433
020 _cL.18.00. a13.2..1.15
035 _a(Sirsi) r112566
035 _a(DLC) 76383450
035 _a(UPRA)lce00190036
050 0 _aK230.D5
_bJ87 1976
082 _a340.1
100 1 _aDias, Reginald Walter Michael.
_6A40717.1
245 1 0 _aJurisprudence /
_c[by] R. W. M. Dias.
250 _a4th ed.
260 _aLondon :
_bButterworth,
_c1976.
504 _aIncludes bibliographical references and index.
650 0 _aJurisprudence.
_6S3558.1
949 _aK230.D5
_wlcc
_i33729001870927
_mMAIN
_p2500
_tBOOK
_lON-SHELF
949 _aK230.D5
_wlcc
_i-161362
_mMAIN
_tBOOK
_lON-SHELF
949 _aK230.D5
_wlcc
_i-161363
_mMAIN
_tBOOK
_lON-SHELF
949 _aK230.D5
_wlcc
_i-161364
_mMAIN
_tBOOK
_lON-SHELF
949 _aK230.D5
_wlcc
_i-161365
_mMAIN
_tBOOK
_lON-SHELF
004 112566
999 _c188013
_d188013